Elements of Heat Engines Vol 3 (Record no. 248)

MARC details
000 -LEADER
fixed length control field 00342nam a22001577a 4500
020 ## - INTERNATIONAL STANDARD BOOK NUMBER
International Standard Book Number 23215465562
041 ## - LANGUAGE CODE
Language code of text/sound track or separate title ENG
100 ## - MAIN ENTRY--PERSONAL NAME
Personal name Patel R.C
245 ## - TITLE STATEMENT
Title Elements of Heat Engines Vol 3
250 ## - EDITION STATEMENT
Edition statement Third
260 ## - PUBLICATION, DISTRIBUTION, ETC. (IMPRINT)
Place of publication, distribution, etc Gujarat
Name of publisher, distributor, etc Shri j.c. Shah
Date of publication, distribution, etc 1996
300 ## - PHYSICAL DESCRIPTION
Extent 267
650 ## - SUBJECT ADDED ENTRY--TOPICAL TERM
Topical term or geographic name as entry element Fmp
700 ## - ADDED ENTRY--PERSONAL NAME
Personal name Karamchandani .C.J
856 ## - ELECTRONIC LOCATION AND ACCESS
Uniform Resource Identifier Fmp
Holdings
Withdrawn status Lost status Source of classification or shelving scheme Damaged status Not for loan Home library Current library Date acquired Cost, normal purchase price Total Checkouts Barcode Date last seen Price effective from Koha item type
    Dewey Decimal Classification     College of Agricultural Engineering and Technology, Dapoli , Library College of Agricultural Engineering and Technology, Dapoli , Library 23/08/2021 90.00   000016 23/08/2021 23/08/2021 Books

Contact Us: College of Agricultural Engineering and Technology, Dapoli, Dist.- Ratnagiri
Website: https://dbskkv.org Email: caetlibrary2015@gmail.com